[Event "Edmonton Sect Sept"]
[Site "Edmonton CAN"]
[Date "2004.09.27"]
[Round "1"]
[White "Boik, Andrew"]
[Black "Yearwood, Roy"]
[Result "1-0"]
[WhiteElo "2097"]
[BlackElo "2095"]
[PlyCount "73"]
[GameId "2160767911077786"]
[EventDate "2004.09.??"]
[EventType "swiss"]
[EventRounds "5"]
[EventCountry "CAN"]
[SourceTitle "EXT 2006"]
[Source "ChessBase"]
[SourceDate "2005.11.24"]
[SourceVersion "1"]
[SourceVersionDate "2005.11.24"]
[SourceQuality "1"]

1. e4 d6 2. d4 Nf6 3. Nc3 c6 4. f3 e5 5. g4 Be7 6. Nge2 O-O 7. Be3 Qb6 8. Qd2 Qxb2 9. Rb1 Qa3 10. Ng3 b5 11. Rb3 Qa5 12. g5 Ne8 13. Nf5 Qd8 14. Rg1 Nc7 15. h4 Be6 16. d5 cxd5 17. Nxe7+ Qxe7 18. exd5 Bd7 19. Ne4 Kh8 20. h5 f5 21. gxf6 gxf6 22. Bh6 Rf7 23. Qg2 Nba6 24. Nxd6 Nxd5 25. Nxf7+ Qxf7 26. Bg7+ Kg8 27. Bh6+ Kh8 28. Bg7+ Kg8 29. Bxf6+ Kf8 30. Qg7+ Qxg7 31. Bxg7+ Kf7 32. Bxb5 Bxb5 33. Rxb5 Nac7 34. Rb7 Rc8 35. c4 Ne7 36. Bxe5 Ne6 37. Bd6 1-0

[Event "Edmonton Sect Sept"]
[Site "Edmonton CAN"]
[Date "2004.09.27"]
[Round "2"]
[White "Hughey, Micah"]
[Black "Boik, Andrew"]
[Result "1-0"]
[WhiteElo "2027"]
[BlackElo "2097"]
[PlyCount "42"]
[GameId "2160767911077787"]
[EventDate "2004.09.??"]
[EventType "swiss"]
[EventRounds "5"]
[EventCountry "CAN"]
[SourceTitle "EXT 2006"]
[Source "ChessBase"]
[SourceDate "2005.11.24"]
[SourceVersion "1"]
[SourceVersionDate "2005.11.24"]
[SourceQuality "1"]

1. e4 c5 2. Nf3 d6 3. d4 cxd4 4. Qxd4 a6 5. c4 Nc6 6. Qd2 Nf6 7. Nc3 e6 8. b3 Be7 9. Bb2 O-O 10. Be2 Rb8 11. O-O Qa5 12. a4 Rd8 13. Rfd1 Qb6 14. Ba3 Ng4 15. Bf1 Bf6 16. Bxd6 Rxd6 17. Qxd6 Bxc3 18. c5 Qa5 19. Bb5 Nge5 20. b4 Bxa1 21. bxa5 Nxf3+ 1-0

[Event "Edmonton Sect Sept"]
[Site "Edmonton CAN"]
[Date "2004.09.27"]
[Round "3"]
[White "Boik, Andrew"]
[Black "Grumic, Sasha"]
[Result "1-0"]
[WhiteElo "2097"]
[BlackElo "2084"]
[PlyCount "135"]
[GameId "2160767911077788"]
[EventDate "2004.09.??"]
[EventType "swiss"]
[EventRounds "5"]
[EventCountry "CAN"]
[SourceTitle "EXT 2006"]
[Source "ChessBase"]
[SourceDate "2005.11.24"]
[SourceVersion "1"]
[SourceVersionDate "2005.11.24"]
[SourceQuality "1"]

1. e4 c5 2. c3 g6 3. d4 Bg7 4. Nf3 Nc6 5. d5 Nb8 6. Be3 d6 7. Nbd2 Nf6 8. a4 O-O 9. Bd3 e6 10. dxe6 Bxe6 11. O-O Nc6 12. Bg5 h6 13. Bh4 Qc7 14. Re1 Ne5 15. Nxe5 dxe5 16. Bc4 Rae8 17. Bxe6 fxe6 18. Bxf6 Rxf6 19. Nc4 Rd8 20. Qc2 Rdf8 21. Re2 Rf4 22. Rd1 h5 23. Rd6 Qf7 24. Qd2 Qf6 25. Qe3 b6 26. Rd7 h4 27. h3 Rf7 28. Rxf7 Qxf7 29. Qd3 Qf6 30. Rd2 Kh7 31. Ne3 Qg5 32. Kf1 Qg3 33. f3 c4 34. Qe2 Rf7 35. Ng4 g5 36. Qxc4 Qf4 37. Qe2 Kg6 38. Qe3 Qg3 39. Qf2 Qf4 40. Qe3 Qg3 41. Rd6 Re7 42. Qd2 Qf4 43. Qxf4 exf4 44. Ke2 Kf7 45. Kd2 Rc7 46. Rd3 Ke7 47. b3 a6 48. Kc2 b5 49. axb5 axb5 50. b4 Ra7 51. Kb2 Ra4 52. e5 Ra6 53. Rd1 Ra7 54. Kb3 Rc7 55. Rd4 Bf8 56. c4 bxc4+ 57. Rxc4 Rb7 58. Ka4 Kf7 59. Ka5 Be7 60. Rd4 Kg6 61. b5 Bc5 62. Rd6 Bxd6 63. exd6 Kf5 64. Nf2 Ke5 65. Ka6 Rb8 66. Ne4 Rd8 67. Kb7 Kd5 68. Kc7 1-0

[Event "Edmonton Sect Sept"]
[Site "Edmonton CAN"]
[Date "2004.09.27"]
[Round "4"]
[White "Kazakevich, Anastasia"]
[Black "Boik, Andrew"]
[Result "0-1"]
[WhiteElo "1950"]
[BlackElo "2097"]
[PlyCount "128"]
[GameId "2160767911077789"]
[EventDate "2004.09.??"]
[EventType "swiss"]
[EventRounds "5"]
[EventCountry "CAN"]
[SourceTitle "EXT 2006"]
[Source "ChessBase"]
[SourceDate "2005.11.24"]
[SourceVersion "1"]
[SourceVersionDate "2005.11.24"]
[SourceQuality "1"]

1. d4 Nf6 2. c4 e6 3. Nc3 Bb4 4. Qc2 c5 5. dxc5 Na6 6. Bd2 Nxc5 7. a3 Bxc3 8. Bxc3 Nce4 9. Bxf6 Nxf6 10. e3 b6 11. Be2 Bb7 12. Bf3 Qc7 13. Bxb7 Qxb7 14. Nf3 Rc8 15. O-O Qc6 16. Rac1 a6 17. Rfd1 O-O 18. b3 d5 19. Qb2 Qb7 20. cxd5 Rxc1 21. Rxc1 Qxd5 22. Qc2 Rd8 23. h3 h6 24. Nd4 Qd6 25. Qc7 Qxc7 26. Rxc7 e5 27. Nf3 Rd1+ 28. Kh2 Rd3 29. Rc8+ Kh7 30. Ra8 a5 31. Nxe5 Rxb3 32. Nc4 Ne4 33. Rb8 Rc3 34. Nxb6 Nxf2 35. Ra8 Rxa3 36. Nc4 Ra4 37. Nxa5 Nd1 38. Ra7 Nxe3 39. Nc6 Rc4 40. Nd8 Rc2 41. Rxf7 Rxg2+ 42. Kh1 Rg6 43. Rf3 Nd5 44. Kh2 Ra6 45. Kg3 Ra4 46. Nf7 g5 47. Ne5 Nf4 48. Rb3 h5 49. Rb7+ Kg8 50. Nf3 Ne6 51. Rb5 Ra3 52. Kf2 Rxf3+ 53. Kxf3 Nd4+ 54. Ke4 Nxb5 55. Kf5 g4 56. hxg4 h4 57. Kf4 Kg7 58. g5 Nd6 59. Kg4 Nf5 60. Kh3 Kf7 61. Kg4 Kg6 62. Kh3 Kxg5 63. Kg2 Kg4 64. Kh2 Ne3 0-1

[Event "Edmonton Sect Sept"]
[Site "Edmonton CAN"]
[Date "2004.09.27"]
[Round "5"]
[White "Boik, Andrew"]
[Black "Kazmaier, Daniel"]
[Result "1/2-1/2"]
[WhiteElo "2097"]
[BlackElo "2083"]
[PlyCount "52"]
[GameId "2160767911077790"]
[EventDate "2004.09.??"]
[EventType "swiss"]
[EventRounds "5"]
[EventCountry "CAN"]
[SourceTitle "EXT 2006"]
[Source "ChessBase"]
[SourceDate "2005.11.24"]
[SourceVersion "1"]
[SourceVersionDate "2005.11.24"]
[SourceQuality "1"]

1. e4 e6 2. d4 d5 3. Nc3 Nf6 4. Bg5 Be7 5. e5 Ng8 6. Be3 b6 7. Nce2 Ba6 8. Nf3 c5 9. c3 g5 10. h4 g4 11. Nh2 h5 12. g3 Nh6 13. Bxh6 Rxh6 14. Nf4 Bxf1 15. Kxf1 Nc6 16. Kg2 b5 17. f3 cxd4 18. cxd4 gxf3+ 19. Nxf3 Qb6 20. Qd2 Rh8 21. Rhf1 O-O-O 22. Qe3 Kb8 23. Rac1 Na5 24. b3 Nc6 25. Nd3 Rhg8 26. Nc5 Rg4 1/2-1/2

[Event "Edmonton res op"]
[Site "Edmonton CAN"]
[Date "2004.01.15"]
[Round "2"]
[White "McIntosh, Danny"]
[Black "White, Daniel"]
[Result "1-0"]
[WhiteElo "1644"]
[BlackElo "1507"]
[PlyCount "111"]
[GameId "2160767911192108"]
[EventDate "2004.02.??"]
[EventType "swiss"]
[EventRounds "9"]
[EventCountry "CAN"]
[SourceTitle "EXT 2006"]
[Source "ChessBase"]
[SourceDate "2005.11.24"]
[SourceVersion "1"]
[SourceVersionDate "2005.11.24"]
[SourceQuality "1"]

1. e4 e5 2. f4 d6 3. Nc3 Nc6 4. Bb5 Bd7 5. Nf3 Nf6 6. d4 exd4 7. Nxd4 Nxd4 8. Bxd7+ Qxd7 9. Qxd4 Qc6 10. O-O Be7 11. e5 dxe5 12. Qxe5 Qc5+ 13. Kh1 Qxe5 14. fxe5 Ng4 15. h3 Nxe5 16. Nd5 Bd6 17. Bf4 O-O-O 18. Rad1 f6 19. Ne3 Rhe8 20. Nf5 Bf8 21. Be3 Nc4 22. Bxa7 b6 23. b3 Rxd1 24. Rxd1 Ne3 25. Re1 Kb7 26. Bxb6 cxb6 27. Rxe3 Rxe3 28. Nxe3 g6 29. Nd5 f5 30. Kg1 Kc6 31. Nf6 h5 32. Kf2 Be7 33. Ng8 Bg5 34. g3 h4 35. gxh4 Bxh4+ 36. Kf3 Bg5 37. Kg3 f4+ 38. Kg4 Kd7 39. h4 f3 40. Kxf3 Bxh4 41. Nh6 Be7 42. Ng4 g5 43. Ke4 Ke6 44. a4 Bb4 45. Kd3 Kf5 46. Ne3+ Ke6 47. c3 Bc5 48. Ng2 Kf5 49. Kc4 Ke4 50. a5 Kf3 51. a6 Bf2 52. Kb5 Kxg2 53. a7 g4 54. a8=Q+ Kf1 55. Qh1+ Bg1 56. Qf3+ 1-0

[Event "Edmonton res op"]
[Site "Edmonton CAN"]
[Date "2004.02.12"]
[Round "6"]
[White "Regimbald, Adrien"]
[Black "Wong, Ford"]
[Result "1-0"]
[WhiteElo "1829"]
[BlackElo "1907"]
[PlyCount "59"]
[GameId "2160767911192109"]
[EventDate "2004.02.??"]
[EventType "swiss"]
[EventRounds "9"]
[EventCountry "CAN"]
[SourceTitle "EXT 2006"]
[Source "ChessBase"]
[SourceDate "2005.11.24"]
[SourceVersion "1"]
[SourceVersionDate "2005.11.24"]
[SourceQuality "1"]

1. c4 c5 2. Nf3 Nc6 3. Nc3 Nd4 4. e3 Nxf3+ 5. Qxf3 g6 6. d3 Bg7 7. Bd2 d6 8. Be2 Nf6 9. O-O O-O 10. Rab1 Rb8 11. h3 a6 12. b4 Bd7 13. a4 cxb4 14. Rxb4 Bc6 15. e4 Nd7 16. Qe3 a5 17. Rbb1 Nc5 18. d4 Nxa4 19. Nxa4 Bxa4 20. Ra1 Bd7 21. Rxa5 Qb6 22. Bc3 Ra8 23. Rfa1 Rxa5 24. Rxa5 Be6 25. Rb5 Qa7 26. Qd2 Bd7 27. Rb3 f5 28. Qb2 Rb8 29. Ra3 Ba4 30. Qa1 1-0

[Event "Edmonton res op"]
[Site "Edmonton CAN"]
[Date "2004.02.12"]
[Round "6"]
[White "Rekhson, Vladislav"]
[Black "Schech, Roland"]
[Result "1-0"]
[WhiteElo "2016"]
[BlackElo "1469"]
[PlyCount "87"]
[GameId "2160767911192110"]
[EventDate "2004.02.??"]
[EventType "swiss"]
[EventRounds "9"]
[EventCountry "CAN"]
[SourceTitle "EXT 2006"]
[Source "ChessBase"]
[SourceDate "2005.11.24"]
[SourceVersion "1"]
[SourceVersionDate "2005.11.24"]
[SourceQuality "1"]

1. e4 e5 2. Nf3 Nc6 3. d4 exd4 4. Bc4 Bb4+ 5. c3 dxc3 6. bxc3 Ba5 7. Ng5 Nh6 8. O-O Ne5 9. Bb3 Bb6 10. Qd5 Qf6 11. Kh1 c6 12. Qd1 O-O 13. f4 Neg4 14. Qf3 Qe7 15. e5 d5 16. h3 f6 17. Ba3 Bc5 18. Bxd5+ Kh8 19. Bxc5 Qxc5 20. exf6 gxf6 21. Ne6 Qxd5 22. Nxf8 Qf7 23. hxg4 Nxg4 24. f5 Ne5 25. Qf4 Qxf8 26. Nd2 Qf7 27. Ne4 Bd7 28. Qh4 Kg7 29. Rad1 Rg8 30. Rd6 Ng4 31. Qxg4+ Kh8 32. Rxd7 Qxd7 33. Qxg8+ Kxg8 34. Nxf6+ Kf7 35. Nxd7 b6 36. f6 h5 37. Ne5+ Kf8 38. Rd1 Ke8 39. Rd7 c5 40. f7+ Kf8 41. Ng6+ Kg7 42. f8=Q+ Kxg6 43. Rg7+ Kh6 44. Qh8# 1-0

[Event "Edmonton res op"]
[Site "Edmonton CAN"]
[Date "2004.02.13"]
[Round "6"]
[White "Pua, Richard"]
[Black "Stark, Mark"]
[Result "1-0"]
[WhiteElo "1796"]
[BlackElo "1863"]
[PlyCount "97"]
[GameId "2160767911192111"]
[EventDate "2004.02.??"]
[EventType "swiss"]
[EventRounds "9"]
[EventCountry "CAN"]
[SourceTitle "EXT 2006"]
[Source "ChessBase"]
[SourceDate "2005.11.24"]
[SourceVersion "1"]
[SourceVersionDate "2005.11.24"]
[SourceQuality "1"]

1. d4 d5 2. c4 c6 3. Nf3 Nf6 4. cxd5 cxd5 5. Nc3 Ne4 6. Bf4 Nxc3 7. bxc3 Nc6 8. e3 g6 9. Bb5 Bd7 10. O-O Bg7 11. c4 dxc4 12. Bxc4 O-O 13. Qe2 Bg4 14. Rab1 Na5 15. Bd3 Rc8 16. h3 Bxf3 17. Qxf3 e5 18. Bg3 exd4 19. Rfd1 dxe3 20. Bf5 Qf6 21. Bxc8 Qxf3 22. gxf3 Rxc8 23. fxe3 Bh6 24. Rd3 a6 25. Rbd1 Nc6 26. a4 Re8 27. e4 f5 28. exf5 gxf5 29. Bf2 Bf8 30. Rb1 b5 31. axb5 axb5 32. Rxb5 Ne7 33. Bc5 Ng6 34. Bxf8 Rxf8 35. Rd7 Nh4 36. Kf2 Rf7 37. Rbb7 Rxd7 38. Rxd7 f4 39. Ra7 Ng6 40. Ke2 Ne5 41. Ra4 Ng6 42. Ra7 Ne5 43. h4 h5 44. Ra5 Ng6 45. Rxh5 Kg7 46. Rg5 Kf6 47. Rxg6+ Kxg6 48. Kd3 Kf5 49. Kd4 1-0

[Event "Edmonton res op"]
[Site "Edmonton CAN"]
[Date "2004.02.18"]
[Round "6"]
[White "Fokkema, Jerred"]
[Black "Wihnon, Jason"]
[Result "0-1"]
[WhiteElo "1499"]
[BlackElo "1739"]
[PlyCount "82"]
[GameId "2160767911192112"]
[EventDate "2004.02.??"]
[EventType "swiss"]
[EventRounds "9"]
[EventCountry "CAN"]
[SourceTitle "EXT 2006"]
[Source "ChessBase"]
[SourceDate "2005.11.24"]
[SourceVersion "1"]
[SourceVersionDate "2005.11.24"]
[SourceQuality "1"]

1. e4 c5 2. Nf3 d6 3. d4 cxd4 4. Nxd4 Nf6 5. Nc3 g6 6. Be3 Bg7 7. Bb5+ Bd7 8. Bxd7+ Nbxd7 9. O-O O-O 10. Ndb5 a6 11. Nd4 Rc8 12. Qd2 Ng4 13. Bg5 h6 14. Be3 Nxe3 15. Qxe3 Ne5 16. Rad1 Nc4 17. Qc1 Qb6 18. Nd5 Qd8 19. b3 Nb6 20. Nf3 Nxd5 21. Rxd5 Qc7 22. Rd2 h5 23. Qa3 Qc3 24. Rfd1 Bh6 25. Re2 Rc5 26. Rd3 Qg7 27. c4 Rfc8 28. Rd5 Rxd5 29. exd5 Bg5 30. Qb4 Bf6 31. Qxb7 Rc5 32. Qxa6 h4 33. h3 g5 34. b4 g4 35. hxg4 Qxg4 36. Re3 Rxc4 37. b5 h3 38. g3 Bd4 39. Nxd4 Qd1+ 40. Kh2 Qf1 41. Qa8+ Kh7 0-1

[Event "Edmonton res op"]
[Site "Edmonton CAN"]
[Date "2004.02.19"]
[Round "7"]
[White "Dewindt, Cor"]
[Black "White, Daniel"]
[Result "0-1"]
[WhiteElo "1366"]
[BlackElo "1507"]
[PlyCount "88"]
[GameId "2160767911192113"]
[EventDate "2004.02.??"]
[EventType "swiss"]
[EventRounds "9"]
[EventCountry "CAN"]
[SourceTitle "EXT 2006"]
[Source "ChessBase"]
[SourceDate "2005.11.24"]
[SourceVersion "1"]
[SourceVersionDate "2005.11.24"]
[SourceQuality "1"]

1. e4 g6 2. d4 Bg7 3. c3 d6 4. Nf3 Nf6 5. g3 Nxe4 6. Bg2 d5 7. O-O Nc6 8. Nbd2 Nxd2 9. Bxd2 h6 10. Re1 Bf5 11. Nh4 Qd7 12. Nxf5 Qxf5 13. Qb3 O-O-O 14. Re3 Qd7 15. Rae1 e6 16. f4 Kb8 17. Qc2 h5 18. R1e2 Ne7 19. Bh3 Ng8 20. Be1 Nf6 21. b3 Ng4 22. Bxg4 hxg4 23. Rg2 f5 24. Ree2 Qc6 25. a4 a5 26. Qb2 Qb6 27. Rc2 Rc8 28. Bf2 Qd6 29. Be3 b6 30. Kf1 Bf8 31. Rgd2 Qd7 32. Bg1 Be7 33. Be3 Rh5 34. Re2 g5 35. fxg5 Bxg5 36. Qc1 Bxe3 37. Qxe3 Re8 38. Qe5 Qd6 39. Qe3 Rh7 40. Rf2 Rf7 41. c4 dxc4 42. Rxc4 e5 43. Qd3 Qd5 44. Rxf5 e4 0-1

[Event "Edmonton res op"]
[Site "Edmonton CAN"]
[Date "2004.02.20"]
[Round "7"]
[White "Stark, Mark"]
[Black "Wihnon, Jason"]
[Result "0-1"]
[WhiteElo "1863"]
[BlackElo "1739"]
[PlyCount "100"]
[GameId "2160767911192114"]
[EventDate "2004.02.??"]
[EventType "swiss"]
[EventRounds "9"]
[EventCountry "CAN"]
[SourceTitle "EXT 2006"]
[Source "ChessBase"]
[SourceDate "2005.11.24"]
[SourceVersion "1"]
[SourceVersionDate "2005.11.24"]
[SourceQuality "1"]

1. e4 c5 2. Nf3 d6 3. d4 cxd4 4. Nxd4 Nf6 5. Nc3 g6 6. Be3 Bg7 7. f3 O-O 8. Qd2 Nc6 9. O-O-O Bd7 10. g4 Rc8 11. Kb1 a6 12. h4 Nxd4 13. Bxd4 Be6 14. h5 b5 15. Nd5 Bxd5 16. exd5 Qc7 17. hxg6 fxg6 18. Qh2 Kf7 19. Bd3 e5 20. dxe6+ Kxe6 21. Rde1+ Kd5 22. Bxf6 Bxf6 23. Be4+ Kc5 24. Qf2+ Bd4 25. b4+ Kc4 26. Qd2 Bc3 27. Qd5+ Kxb4 28. Rd1 Be5 29. Qb3+ Ka5 30. Rd5 Qc3 31. Qxc3+ Rxc3 32. Rxh7 Rfxf3 33. Bxf3 Rxf3 34. c4 Kb4 35. cxb5 Kc4 36. Rd1 axb5 37. Rhh1 Rg3 38. Rhg1 Rf3 39. Rg2 g5 40. Rc2+ Kb4 41. Rg2 Ka3 42. Rdg1 b4 43. Rc2 b3 44. axb3 Rxb3+ 45. Kc1 Bf4+ 46. Rd2 Rd3 47. Rgg2 Bxd2+ 48. Rxd2 Rxd2 49. Kxd2 Kb4 50. Ke3 Kc4 0-1

[Event "Edmonton-ch"]
[Site "Edmonton CAN"]
[Date "2004.01.08"]
[Round "1.1"]
[White "Beebe, Greg"]
[Black "Li, Zhichao"]
[Result "0-1"]
[WhiteElo "1743"]
[BlackElo "2121"]
[PlyCount "138"]
[GameId "2160767911208894"]
[EventDate "2004.01.08"]
[EventType "k.o."]
[EventRounds "4"]
[EventCountry "CAN"]

1. c4 e6 2. Nc3 d5 3. cxd5 exd5 4. d4 c6 5. Nf3 Bf5 6. e3 Nf6 7. Bd3 Bxd3 8. Qxd3 Bd6 9. O-O O-O 10. e4 dxe4 11. Nxe4 Nxe4 12. Qxe4 Re8 13. Qg4 Qd7 14. Qxd7 Nxd7 15. Bd2 Nb6 16. b3 Nd5 17. Rae1 f6 18. Rxe8+ Rxe8 19. Re1 Rd8 20. Kf1 Kf7 21. g3 Nb4 22. Bxb4 Bxb4 23. Rd1 Rd5 24. Ke2 Ke6 25. Kd3 Kd7 26. Nd2 Bc5 27. Nf3 Bb6 28. Kc4 Bc7 29. a4 a6 30. g4 Ke6 31. Re1+ Kf7 32. h3 Bb8 33. Re2 Ba7 34. Re4 Rd8 35. Nh4 g6 36. f4 b5+ 37. Kd3 bxa4 38. bxa4 Rb8 39. Kc3 Rb1 40. f5 g5 41. Ng2 Rh1 42. Re3 Ra1 43. Re6 Rxa4 44. Rxc6 Bxd4+ 45. Kd3 Be5 46. Ne3 Rd4+ 47. Kc2 a5 48. Nc4 Re4 49. Nd6+ Bxd6 50. Rxd6 h5 51. Rd7+ Ke8 52. Ra7 hxg4 53. hxg4 Rxg4 54. Rxa5 Re4 55. Kd3 Re7 56. Ra8+ Kf7 57. Rh8 Re5 58. Rh7+ Kg8 59. Ra7 Rxf5 60. Ke4 Re5+ 61. Kf3 Kf8 62. Kg4 Re7 63. Ra5 Kf7 64. Kf5 Re5+ 65. Rxe5 fxe5 66. Kxg5 Ke6 67. Kg4 Kd5 68. Kf3 Kd4 69. Kf2 Kd3 0-1

[Event "Edmonton-ch"]
[Site "Edmonton CAN"]
[Date "2004.01.08"]
[Round "1.1"]
[White "Dean, Tim"]
[Black "Rekhson, Vladislav"]
[Result "1/2-1/2"]
[WhiteElo "1840"]
[BlackElo "2020"]
[PlyCount "112"]
[GameId "2160767911208895"]
[EventDate "2004.01.08"]
[EventType "k.o."]
[EventRounds "4"]
[EventCountry "CAN"]

1. e4 e5 2. Nf3 Nf6 3. Nxe5 d6 4. Nf3 Nxe4 5. d4 d5 6. Bd3 Be7 7. O-O Nc6 8. c4 Nb4 9. Bxe4 dxe4 10. Ne5 Bd6 11. Bf4 O-O 12. a3 Bxe5 13. Bxe5 Nd3 14. Nc3 Bf5 15. Nd5 c6 16. Ne3 Be6 17. f3 Nxe5 18. dxe5 Qb6 19. Qe2 Bxc4 20. Qxc4 Qxe3+ 21. Kh1 exf3 22. Rxf3 Qxe5 23. Raf1 Qe6 24. Qb4 b6 25. Re1 Qd5 26. h3 c5 27. Qf4 Qd4 28. Qxd4 cxd4 29. Rd3 f5 30. Rxd4 Rfe8 31. Rxe8+ Rxe8 32. Rd7 Re2 33. Rxa7 Rxb2 34. Rb7 h6 35. h4 h5 36. Kh2 Kh7 37. Kg3 Kg6 38. a4 Rb4 39. Kf3 Kf6 40. g3 g6 41. Ra7 Rb3+ 42. Kf4 Rb4+ 43. Kf3 g5 44. hxg5+ Kxg5 45. Rg7+ Kf6 46. Ra7 Ke5 47. a5 Rb3+ 48. Kf2 Rb5 49. axb6 Rxb6 50. Ra4 Kf6 51. Kf3 Kg5 52. Ra3 h4 53. gxh4+ Kxh4 54. Kf4 Rb5 55. Rc3 Kh5 56. Rg3 Rb4+ 1/2-1/2

[Event "Edmonton-ch"]
[Site "Edmonton CAN"]
[Date "2004.01.08"]
[Round "1.1"]
[White "Gardner, Robert"]
[Black "Pua, Richard"]
[Result "1-0"]
[WhiteElo "2260"]
[BlackElo "1795"]
[PlyCount "39"]
[GameId "2160767911208896"]
[EventDate "2004.01.08"]
[EventType "k.o."]
[EventRounds "4"]
[EventCountry "CAN"]

1. e4 e5 2. Nf3 Nf6 3. Nxe5 d6 4. Nf3 Nxe4 5. Nc3 Nxc3 6. dxc3 Be7 7. Be3 Nc6 8. Qd2 Bf6 9. O-O-O Bg4 10. h3 Bxf3 11. gxf3 Qd7 12. h4 Qf5 13. f4 Qa5 14. Bc4 Rf8 15. Qe2 O-O-O 16. Rd5 Qa4 17. Kb1 a6 18. b3 Qa3 19. Bc1 Rde8 20. Qg4+ 1-0

[Event "Edmonton-ch"]
[Site "Edmonton CAN"]
[Date "2004.01.08"]
[Round "1.1"]
[White "Reeve, Jeff"]
[Black "Wihnon, Jason"]
[Result "1-0"]
[WhiteElo "2392"]
[BlackElo "1731"]
[PlyCount "61"]
[GameId "2160767911208897"]
[EventDate "2004.01.08"]
[EventType "k.o."]
[EventRounds "4"]
[EventCountry "CAN"]

1. e4 e5 2. Nf3 Nc6 3. Bb5 a6 4. Bxc6 dxc6 5. O-O f6 6. d4 Bg4 7. dxe5 Qxd1 8. Rxd1 fxe5 9. Rd3 Nf6 10. Nbd2 Bd6 11. Nc4 Bxf3 12. gxf3 O-O-O 13. Bg5 Rd7 14. Rad1 Rhd8 15. Kf1 Re8 16. Bxf6 gxf6 17. Nxd6+ cxd6 18. Rxd6 Red8 19. Rxd7 Rxd7 20. Rxd7 Kxd7 21. Ke2 Ke6 22. Ke3 f5 23. f4 fxe4 24. Kxe4 exf4 25. Kxf4 Kf6 26. b4 b6 27. Ke4 Ke6 28. a4 c5 29. bxc5 bxc5 30. a5 h5 31. c4 1-0

[Event "Edmonton-ch"]
[Site "Edmonton CAN"]
[Date "2004.01.15"]
[Round "1.1"]
[White "Regimbald, Adrien"]
[Black "Hughey, Micah"]
[Result "1/2-1/2"]
[WhiteElo "1829"]
[BlackElo "2013"]
[PlyCount "52"]
[GameId "2160767911208898"]
[EventDate "2004.01.08"]
[EventType "k.o."]
[EventRounds "4"]
[EventCountry "CAN"]

1. d4 Nf6 2. Nf3 d5 3. e3 g6 4. c4 Bg7 5. Nc3 O-O 6. Qb3 c6 7. Bd2 e6 8. Bd3 Nbd7 9. O-O Nb6 10. cxd5 exd5 11. Rfc1 Re8 12. Na4 Ne4 13. Ba5 Bh6 14. Bxb6 axb6 15. Nxb6 Nxf2 16. Kxf2 Bxe3+ 17. Kf1 Bg4 18. Nxa8 Bxf3 19. gxf3 Qg5 20. Rc2 Qg1+ 21. Ke2 Qxh2+ 22. Kd1 Qg1+ 23. Ke2 Qf2+ 24. Kd1 Qg1+ 25. Ke2 Qf2+ 26. Kd1 Qg1+ 1/2-1/2

[Event "Edmonton-ch"]
[Site "Edmonton CAN"]
[Date "2004.01.10"]
[Round "1.2"]
[White "Li, Zhichao"]
[Black "Beebe, Greg"]
[Result "1/2-1/2"]
[WhiteElo "2121"]
[BlackElo "1743"]
[PlyCount "92"]
[GameId "2160767911208899"]
[EventDate "2004.01.08"]
[EventType "k.o."]
[EventRounds "4"]
[EventCountry "CAN"]

1. d4 e6 2. c4 d5 3. Nf3 Nf6 4. g3 c5 5. Bg2 Nc6 6. O-O Be7 7. Nc3 dxc4 8. Qa4 O-O 9. dxc5 Bxc5 10. Qxc4 Qb6 11. Na4 Qb4 12. Qxc5 Qxa4 13. b3 Qa6 14. Nd4 Nxd4 15. Qxd4 Qxe2 16. Ba3 Re8 17. Rfe1 Qa6 18. Qb4 Qb6 19. Qxb6 axb6 20. Bd6 Rd8 21. Bc7 Rd2 22. a4 b5 23. Red1 Rxd1+ 24. Rxd1 Bd7 25. axb5 Bxb5 26. Bxb7 Ra7 27. Rd8+ Ne8 28. Rb8 f5 29. Be5 Kf7 30. Bf3 Bd3 31. Rb7+ Rxb7 32. Bxb7 Bb5 33. f3 g6 34. Kf2 Ke7 35. Ke3 Nd6 36. Bxd6+ Kxd6 37. f4 e5 38. b4 e4 39. Kd4 h6 40. h4 Kc7 41. Bd5 Be8 42. Kc5 Ba4 43. b5 Bd1 44. b6+ Kb8 45. Kd4 Be2 46. Bc6 Bg4 1/2-1/2

[Event "Edmonton-ch"]
[Site "Edmonton CAN"]
[Date "2004.01.15"]
[Round "1.2"]
[White "Pua, Richard"]
[Black "Gardner, Robert"]
[Result "0-1"]
[WhiteElo "1795"]
[BlackElo "2260"]
[PlyCount "32"]
[GameId "2160767911208900"]
[EventDate "2004.01.08"]
[EventType "k.o."]
[EventRounds "4"]
[EventCountry "CAN"]

1. Nf3 d5 2. b3 e6 3. Bb2 f5 4. e3 Nf6 5. c4 Bd6 6. cxd5 exd5 7. Nc3 c6 8. d4 O-O 9. Bd3 f4 10. exf4 Bxf4 11. O-O Bg4 12. Re1 Qc7 13. g3 Bd6 14. Bf1 Ne4 15. Bg2 Ng5 16. Re3 Qf7 0-1

[Event "Edmonton-ch"]
[Site "Edmonton CAN"]
[Date "2004.01.15"]
[Round "1.2"]
[White "Rekhson, Vladislav"]
[Black "Dean, Tim"]
[Result "1-0"]
[WhiteElo "2020"]
[BlackElo "1840"]
[PlyCount "117"]
[GameId "2160767911208901"]
[EventDate "2004.01.08"]
[EventType "k.o."]
[EventRounds "4"]
[EventCountry "CAN"]

1. e4 e5 2. Nf3 Nc6 3. Bb5 a6 4. Ba4 Nf6 5. O-O Be7 6. Re1 b5 7. Bb3 d6 8. c3 Bg4 9. h3 Bh5 10. d4 O-O 11. d5 Na5 12. Bc2 c6 13. Nbd2 cxd5 14. exd5 Nxd5 15. Be4 Nxc3 16. bxc3 d5 17. Bf5 e4 18. g4 exf3 19. gxh5 Bf6 20. Qxf3 b4 21. Bb2 bxc3 22. Bxc3 Bxc3 23. Qxc3 Qg5+ 24. Bg4 f5 25. Re5 Qf6 26. Bf3 Rad8 27. Rae1 Nc6 28. R5e3 d4 29. Qc4+ Kh8 30. Re6 Qg5+ 31. Bg2 Qxd2 32. Qxc6 Qxa2 33. Re8 Rdxe8 34. Rxe8 Rxe8 35. Qxe8+ Qg8 36. Qd7 Qb8 37. Qxd4 Qb1+ 38. Bf1 Kg8 39. Qd8+ Kf7 40. Qd7+ Kf6 41. Qd6+ Kg5 42. Qxa6 Kxh5 43. Qd3 Qxd3 44. Bxd3 Kg5 45. Kg2 Kf4 46. Be2 g5 47. Bh5 Ke4 48. Kg3 Ke5 49. Kf3 Kd4 50. h4 h6 51. Bg6 Ke5 52. h5 Kf6 53. Ke3 Ke5 54. Be8 Kd5 55. Bd7 Ke5 56. f3 Kf6 57. Kd4 g4 58. f4 g3 59. Ke3 1-0

[Event "Edmonton-ch"]
[Site "Edmonton CAN"]
[Date "2004.01.25"]
[Round "1.2"]
[White "Wihnon, Jason"]
[Black "Reeve, Jeff"]
[Result "0-1"]
[WhiteElo "1731"]
[BlackElo "2392"]
[PlyCount "46"]
[GameId "2160767911208902"]
[EventDate "2004.01.08"]
[EventType "k.o."]
[EventRounds "4"]
[EventCountry "CAN"]

1. e4 c5 2. Nf3 Nc6 3. d4 cxd4 4. Nxd4 Nf6 5. Nc3 e5 6. Ndb5 d6 7. Bg5 a6 8. Na3 b5 9. Nd5 Be7 10. Bxf6 Bxf6 11. c3 Ne7 12. Bd3 Nxd5 13. exd5 Bg5 14. Qf3 O-O 15. h4 Bh6 16. g4 f5 17. gxf5 Ra7 18. Nc2 Raf7 19. Ne3 Bxe3 20. Qxe3 Bxf5 21. O-O-O Bxd3 22. Qxd3 Rxf2 23. Qg3 Qf6 0-1

[Event "Edmonton-ch"]
[Site "Edmonton CAN"]
[Date "2004.01.21"]
[Round "1.3"]
[White "Hughey, Micah"]
[Black "Regimbald, Adrien"]
[Result "1-0"]
[WhiteElo "2013"]
[BlackElo "1829"]
[PlyCount "33"]
[GameId "2160767911208903"]
[EventDate "2004.01.08"]
[EventType "k.o."]
[EventRounds "4"]
[EventCountry "CAN"]

1. d4 d5 2. Nf3 Nf6 3. e3 e6 4. Bd3 c5 5. c3 Nc6 6. Nbd2 Bd6 7. O-O O-O 8. Qe2 e5 9. dxe5 Nxe5 10. Nxe5 Bxe5 11. e4 Nxe4 12. Nxe4 dxe4 13. Qxe4 g6 14. Qxe5 Qxd3 15. Bh6 f6 16. Qe7 Rf7 17. Qe8+ 1-0